The golden goblet / (Record no. 8190)
[ view plain ]
| 000 -LEADER | |
|---|---|
| fixed length control field | 00715cam a22002651 4500 |
| 001 - CONTROL NUMBER | |
| control field | 8900185 |
| 003 - CONTROL NUMBER IDENTIFIER | |
| control field | OSt |
| 005 - DATE AND TIME OF LATEST TRANSACTION | |
| control field | 20140310182014.0 |
| 008 - FIXED-LENGTH DATA ELEMENTS--GENERAL INFORMATION | |
| fixed length control field | 720107s1961 nyu j 000 1 eng |
| 010 ## - LIBRARY OF CONGRESS CONTROL NUMBER | |
| LC control number | 61008256 |
| 020 ## - INTERNATIONAL STANDARD BOOK NUMBER | |
| International Standard Book Number | 0590445529 |
| 035 ## - SYSTEM CONTROL NUMBER | |
| System control number | (OCoLC)192062 |
| 040 ## - CATALOGING SOURCE | |
| Original cataloging agency | DLC |
| Transcribing agency | OTifH |
| Modifying agency | OCoLC |
| -- | DLC |
| 042 ## - AUTHENTICATION CODE | |
| Authentication code | premarc |
| 050 00 - LIBRARY OF CONGRESS CALL NUMBER | |
| Classification number | PZ 7 |
| Item number | .M478 1961 |
| 082 ## - DEWEY DECIMAL CLASSIFICATION NUMBER | |
| Classification number | KF |
| Item number | M17g 1961 |
| 100 1# - MAIN ENTRY--PERSONAL NAME | |
| Personal name | McGraw, Eloise Jarvis. |
| 9 (RLIN) | 6279 |
| 245 14 - TITLE STATEMENT | |
| Title | The golden goblet / |
| Statement of responsibility, etc | Eloise Jarvis McGraw. |
| 260 ## - PUBLICATION, DISTRIBUTION, ETC. (IMPRINT) | |
| Place of publication, distribution, etc | New York : |
| Name of publisher, distributor, etc | Scholastic Inc., |
| Date of publication, distribution, etc | c1961. |
| 300 ## - PHYSICAL DESCRIPTION | |
| Extent | 248 p. ; |
| Dimensions | 20 cm. |
| 541 ## - IMMEDIATE SOURCE OF ACQUISITION NOTE | |
| -- | 1 |
| 650 ## - SUBJECT ADDED ENTRY--TOPICAL TERM | |
| Topical term or geographic name as entry element | Fiction |
| 9 (RLIN) | 746 |
| 906 ## - LOCAL DATA ELEMENT F, LDF (RLIN) | |
| a | 7 |
| b | cbc |
| c | oclcrpl |
| d | u |
| e | ncip |
| f | 19 |
| g | y-gencatlg |
| 942 ## - ADDED ENTRY ELEMENTS (KOHA) | |
| Source of classification or shelving scheme | Library of Congress Classification |
| Koha item type | |
| Call number prefix | |
| Withdrawn status | Lost status | Source of classification or shelving scheme | Damaged status | Home library | Current library | Shelving location | Date acquired | Total Checkouts | Full call number | Barcode | Date last seen | Copy number | Price effective from | Koha item type |
|---|---|---|---|---|---|---|---|---|---|---|---|---|---|---|
| Library of Congress Classification | Luxembourg Library | Luxembourg Library | Kids Fiction Section | 07/30/2013 | PZ 7 .M478 1961 | 7844 | 09/02/2015 | 1 | 07/30/2013 | Books |